| 000 | 01389nam a2200349 i 4500 | ||
|---|---|---|---|
| 003 | EG-ScBUE | ||
| 005 | 20240214124932.0 | ||
| 008 | 151123s2013 ua a f b 000 0 ara d | ||
| 020 | _a9774118869 | ||
| 040 |
_aEG-ScBUE _bara _erda _cEG-ScBUE _dEG-ScBUE |
||
| 041 | 1 |
_aara _haze |
|
| 043 | _aa-aj--- | ||
| 082 | 0 | 4 |
_a947.54076 _bأ س ئ _222 |
| 245 | 0 | 0 |
_aأسئلة وأجوبة حول بلد النار : _bأذربيجان. |
| 246 | 3 | 0 | _aأذربيجان |
| 246 | 3 | 0 | _aآذربيجان |
| 250 | _aالطبعة الثالثة. | ||
| 264 |
_aالقاهرة : _bسفارة جمهورية أذربيجان، _c2013. |
||
| 300 |
_a142 صفحة : _bإيضاحيات ملونة ؛ _c24 سم |
||
| 336 |
_2rdacontent _aنص _btxt |
||
| 337 |
_aبدون وسيط _2rdamedia _bn |
||
| 338 |
_aمجلد _bnc _2rdacarrier |
||
| 500 | _aتمت ترجمة وطباعة هذا الكتاب بدعم من سفارة جمهورية أذربيجان بالقاهرة 2013. | ||
| 504 | _aيشتمل على إرجاعات ببليوجرافية. | ||
| 541 |
_cDonation ; _aShahla - Azarbaijan. |
||
| 546 | _aالنص باللغة العربية مترجم من اللغة الآذربيجانية التركية. | ||
| 650 | _2BUEsh | ||
| 651 | 7 |
_aأذربيجان _xتاريخ. _vأسئلة وأجوبة. _2BUEsh |
|
| 653 |
_bGGEN _cNovember2015 |
||
| 655 | _vReading book | ||
| 942 | _2ddc | ||
| 999 |
_c21072 _d21044 |
||